000 00541nam a2200217 a 4500
999 _c5964
_d5964
001 5964
003 BD-JhCC
005 20171231133058.0
008 171231s n ||||| |||| 00| 0 eng d
035 _a(BD-JhCC)
040 _aBD-JhCC
_dBD-JhCC
041 _aeng
082 _a823.914
_bKIM 1946
100 _aA. Kimball, Rodney
245 _aThe Short Story Reader /
_cRodney A. Kimball
260 _aNew York :
_bThe Odyssey Press,
_c1946
300 _a460 p. :
_c22cm.
650 _aEnglish Stories
942 _2ddc
_cBK